Minecraft Java Edition Advancements (Minecraft) - Statistics

General Stats
  • This quiz has been taken 35 times
  • The average score is 7 of 16
Answer Stats
Description Answer % Correct
Mine stone with your new pickaxe Stone Age
82%
Construct a better pickaxe Getting an Upgrade
68%
The heart and story of the game Minecraft
68%
Smelt an iron ingot Acquire Hardware
64%
Upgrade your pickaxe Isn't It Iron Pick
64%
Acquire diamonds Diamonds!
55%
Fill a bucket with lava Hot Stuff
45%
Form and mine a block of obsidian Ice Bucket Challenge
41%
Protect yourself with a piece of iron armor Suit Up
36%
Diamond armor saves lives Cover Me With Diamonds
32%
Enchant an item at an enchanting table Enchanter
32%
Follow an Eye of Ender Eye Spy
32%
Build, light, and enter a Nether Portal We Need to Go Deeper
32%
Deflect an arrow with a shield Not Today, Thank You
27%
Enter the End Portal. The End?
27%
Weaken then cure a zombie villager Zombie Doctor
27%
No matching quizzes found
Score Distribution
Percent of People with Each Score
Percentile by Number Answered
Your Score History
You have not taken this quiz